Round the Number - Statistics

General Stats
  • This quiz has been taken 14 times
  • The average score is 17 of 21
Answer Stats
Hint Answer % Correct
165, Tens. 170
100%
189, Hundreds. 200
100%
264, Hundreds. 300
100%
53, Tens. 50
100%
63, Tens. 60
100%
6574, Tens. 6570
100%
7001, Tens. 7000
100%
9452752, Hundred Thousands. 9000000
100%
977, Thousands. 1000
80%
381500, Thousands. 382000
80%
5304, Thousands. 5000
80%
5204, Thousands. 5000
80%
46557, Tens Thousands. 50000
80%
62952, Hundreds. 63000
80%
835600, Hundreds Thousands. 800000
80%
83256, Thousands. 83000
80%
26, Tens. 30
60%
54687, Tens. 54690
60%
77614, Tens Thousands. 80000
60%
94, Tens 90
60%
142, Hundreds. 100
40%
No matching quizzes found
Score Distribution
Percent of People with Each Score
Percentile by Number Answered
Your Score History
You have not taken this quiz